Eléments d'une batterie - Statistiques

Statistiques générales
  • Ce quiz a été pris 67 fois
  • Le résultat moyen est 5 sur 8
Statistiques - réponses
Réponse % Correct
Caisse claire
94%
Grosse caisse
94%
Charleston
74%
Crash
68%
Ride
68%
Tom basse
57%
Tom medium
51%
Tom alto
36%
Aucun quiz correspondant
Distribution des résultats
% des personnes avec chaque résultat
Percentile par nombre de réponses
Votre historique - résultats
Vous n’avez pas pris ce quiz